| 000 | 00387nam a22001697a 4500 | ||
|---|---|---|---|
| 999 |
_c11553 _d11553 |
||
| 003 | OSt | ||
| 008 | 220923b ||||| |||| 00| 0 eng d | ||
| 020 | _a9781259064753 | ||
| 082 | _a004.6 FOD | ||
| 100 | _aFOROUZAN,Behrouz.A | ||
| 245 | _aData Communication and Networking | ||
| 250 | _a5th | ||
| 260 |
_aNew Delhi _bTMH _c2021 |
||
| 300 | _a1226 | ||
| 650 | _aIT | ||
| 942 |
_2ddc _cBK |
||